01765 2200337 4500035002000000001002100020005001700041006001900058007000300077008004100080856016600121020002300287040002700310082002100337084001900358100003000377245006200407264004900469264001500518300005800533336002400591337003300615338002600648520062200674650003401296850001301330990002101343990002101364990002101385990002101406 a0010-0222002397INLIS00000000090463420190425102943.0aa gr 000 0 ta190425t2016 jkia gr 000 0 ind  x http://opac.perpusnas.go.id/uploaded_files/sampul_koleksi/original/Monograf/1173417.JPG?rnd=1460794189y http://opac.perpusnas.go.id/DetailOpac.aspx?id=1173417  a 978-602-02-8230-5 a JKPNPNA b ind e rda042 [23]a 006. 68  a 006. 68 LEA s0 a Lea Willsen e pengarang10a Step by step realistic digital painting / c Lea Willsen 1a Jakarta : b Elex Media Komputindo, c 2016 4c © 2016 a viii, 107 halaman : b ilustrasi berwarna ; c 23 cm 2 rdacontenta teks  2 rdamediaa tanpa perantara  2 rdacarriera volume 8 a Bila anda seseorang yang hobi atau sekedar tertarik dengan dunia ilustrasi, menggambar, seta melukis, anda akan mendapatkanmanfaat dari buku ini. Melalui tutorial berbagai proyek yang tersedia, anda akan dipandu tahap demi tahap untuk menghasilkan karya ilustrasi digital yang realistis serta mengagumkan. baik itu berupa objek, berbagai jenis tumbuhan atau buah-buahan, hewan, hingga pemandangan seperti danau, gunung, bahkan objek matahari. Semua dapat terwujud dengan adanya metode melukis modern yang dikenal sebagai realistic digital painting, yang umumnya kerap diandalkan oleh berbagai ilustrator profesional. 4a Photoshop (Program komputer) a JKPNPNA a 201900103059498 a 201900103059497 a 201900103059496 a 201900103059495